[Event "Masters Tournament (MTO)"]
[Site "Biel, CH"]
[Date "2025.07.24"]
[Round "10"]
[White "Rappazzo, Johannes"]
[Black "Jelicic, Hugo"]
[Result "1-0"]
[Board "32"]
[WhiteFideId "1340069"]
[BlackFideId "1349040"]
[WhiteTitle "FM"]
[WhiteElo "2213"]
[BlackElo "1908"]
[WhiteTeam "SUI"]
[BlackTeam "SUI"]
[WhiteClock "0:13:44"]
[BlackClock "0:15:27"]
[Variant "Standard"]

1. e4 {[%clk 1:40:58]}  c6 {[%clk 1:40:48]} 2. d4 {[%clk 1:41:24]}  d5 {[%clk 1:41:14]} 3. e5 {[%clk 1:41:51]}  c5 {[%clk 1:41:41]} 4. Nf3 {[%clk 1:42:17]}  Nc6 {[%clk 1:41:39]} 5. dxc5 {[%clk 1:42:39]}  e6 {[%clk 1:42:00]} 6. Be3 {[%clk 1:42:09]}  Nh6 {[%clk 1:41:45]} 7. Bxh6 {[%clk 1:41:33]}  gxh6 {[%clk 1:42:04]} 8. Bb5 {[%clk 1:41:27]}  Bxc5 {[%clk 1:41:12]} 9. O-O {[%clk 1:30:30]}  O-O {[%clk 1:23:18]} 10. Nc3 {[%clk 1:16:16]}  a6 {[%clk 1:18:01]} 11. Bxc6 {[%clk 1:13:27]}  bxc6 {[%clk 1:24:40]} 12. Qd2 {[%clk 1:12:22]}  Kg7 {[%clk 1:23:16]} 13. Ne2 {[%clk 1:08:31]}  f6 {[%clk 1:11:32]} 14. Ng3 {[%clk 1:08:31]}  Qe8 {[%clk 1:10:07]} 15. Rae1 {[%clk 0:55:20]}  f5 {[%clk 1:01:32]} 16. Ne2 {[%clk 0:47:44]}  Be7 {[%clk 1:08:01]} 17. Nf4 {[%clk 0:41:12]}  Rg8 {[%clk 1:01:00]} 18. c4 {[%clk 0:41:42]}  a5 {[%clk 0:59:18]} 19. Rc1 {[%clk 0:36:17]}  Bb4 {[%clk 0:55:27]} 20. Qd4 {[%clk 0:30:56]}  Ba6 {[%clk 0:50:54]} 21. a3 {[%clk 0:29:34]}  Bf8 {[%clk 0:47:13]} 22. cxd5 {[%clk 0:26:51]}  Bxf1 {[%clk 0:42:58]} 23. Nxe6+ {[%clk 0:26:29]}  Kh8 {[%clk 0:43:23]} 24. Rxf1 {[%clk 0:25:33]}  Rc8 {[%clk 0:39:24]} 25. Nxf8 {[%clk 0:23:04]}  Rxf8 {[%clk 0:31:32]} 26. d6 {[%clk 0:16:22]}  Qe6 {[%clk 0:38:08]} 27. Qc5 {[%clk 0:14:49]}  Rg8 {[%clk 0:30:56]} 28. Nd4 {[%clk 0:14:21]}  Rxg2+ {[%clk 0:17:56]} 29. Kxg2 {[%clk 0:14:41]}  Qg6+ {[%clk 0:19:23]} 30. Kh1 {[%clk 0:13:53]}  f4 {[%clk 0:15:13]} 31. Rg1 {[%clk 0:13:21]}  Qe4+ {[%clk 0:15:27]} 32. f3 {[%clk 0:13:44]} 1-0

[Event "Masters Tournament (MTO)"]
[Site "Biel, CH"]
[Date "2025.07.24"]
[Round "10"]
[White "Schnell, Simon"]
[Black "Papaux, Jeremie"]
[Result "1/2-1/2"]
[Board "33"]
[WhiteFideId "1345311"]
[BlackFideId "1340867"]
[WhiteElo "2144"]
[BlackElo "2020"]
[WhiteTeam "SUI"]
[BlackTeam "SUI"]
[WhiteClock "0:33:57"]
[BlackClock "0:45:29"]
[Variant "Standard"]

1. d4 {[%clk 1:40:58]}  d5 {[%clk 1:39:26]} 2. c4 {[%clk 1:41:21]}  e6 {[%clk 1:39:52]} 3. Nc3 {[%clk 1:41:46]}  Be7 {[%clk 1:40:17]} 4. Nf3 {[%clk 1:42:13]}  Nf6 {[%clk 1:40:38]} 5. Bf4 {[%clk 1:42:34]}  O-O {[%clk 1:40:59]} 6. e3 {[%clk 1:42:59]}  b6 {[%clk 1:41:13]} 7. Qc2 {[%clk 1:42:40]}  Na6 {[%clk 1:25:36]} 8. a3 {[%clk 1:36:54]}  c5 {[%clk 1:24:06]} 9. cxd5 {[%clk 1:34:30]}  Nxd5 {[%clk 1:19:04]} 10. Nxd5 {[%clk 1:33:37]}  Qxd5 {[%clk 1:18:59]} 11. Bc4 {[%clk 1:33:39]}  Qb7 {[%clk 1:17:16]} 12. O-O {[%clk 1:29:20]}  Bd7 {[%clk 1:13:12]} 13. Ne5 {[%clk 1:24:22]}  Rad8 {[%clk 1:10:36]} 14. Bd3 {[%clk 1:14:06]}  h6 {[%clk 1:05:21]} 15. Qe2 {[%clk 1:10:22]}  Nc7 {[%clk 1:02:51]} 16. Qh5 {[%clk 1:08:52]}  f5 {[%clk 0:56:07]} 17. Ng6 {[%clk 0:54:08]}  Rf7 {[%clk 0:53:20]} 18. Ne5 {[%clk 0:50:15]}  Rf6 {[%clk 0:50:13]} 19. Ng6 {[%clk 0:44:03]}  Rf7 {[%clk 0:45:29]} 20. Ne5 {[%clk 0:33:57]} 1/2-1/2

[Event "Masters Tournament (MTO)"]
[Site "Biel, CH"]
[Date "2025.07.24"]
[Round "10"]
[White "Vihaan Dumir"]
[Black "Stefan, Iulia-Cristiana"]
[Result "1/2-1/2"]
[Board "34"]
[WhiteFideId "25901010"]
[BlackFideId "1273876"]
[WhiteTitle "CM"]
[BlackTitle "WCM"]
[WhiteElo "2143"]
[BlackElo "2017"]
[WhiteTeam "IND"]
[BlackTeam "ROU"]
[WhiteClock "0:47:57"]
[BlackClock "0:12:01"]
[Variant "Standard"]

1. e4 {[%clk 1:40:59]}  e5 {[%clk 1:40:55]} 2. Nf3 {[%clk 1:41:27]}  Nc6 {[%clk 1:41:21]} 3. Bb5 {[%clk 1:41:49]}  a6 {[%clk 1:41:48]} 4. Bxc6 {[%clk 1:42:13]}  dxc6 {[%clk 1:42:14]} 5. O-O {[%clk 1:42:35]}  Bd6 {[%clk 1:42:41]} 6. d4 {[%clk 1:43:00]}  exd4 {[%clk 1:43:08]} 7. Qxd4 {[%clk 1:43:24]}  f6 {[%clk 1:43:34]} 8. Be3 {[%clk 1:43:46]}  Ne7 {[%clk 1:43:57]} 9. Nbd2 {[%clk 1:44:15]}  Be6 {[%clk 1:44:19]} 10. Qc3 {[%clk 1:44:36]}  Qd7 {[%clk 1:44:12]} 11. Nb3 {[%clk 1:44:00]}  Bxb3 {[%clk 1:36:10]} 12. Qxb3 {[%clk 1:44:05]}  O-O-O {[%clk 1:33:16]} 13. Nd2 {[%clk 1:40:22]}  Ng6 {[%clk 1:31:57]} 14. Nc4 {[%clk 1:38:20]}  Ne5 {[%clk 1:28:41]} 15. Na5 {[%clk 1:37:34]}  b6 {[%clk 1:26:02]} 16. Nc4 {[%clk 1:37:22]}  Nxc4 {[%clk 1:22:38]} 17. Qxc4 {[%clk 1:37:47]}  Kb7 {[%clk 1:20:16]} 18. Rad1 {[%clk 1:26:57]}  Rhe8 {[%clk 1:16:37]} 19. f3 {[%clk 1:26:57]}  Qe7 {[%clk 0:53:30]} 20. Bd4 {[%clk 1:18:33]}  Be5 {[%clk 0:46:17]} 21. c3 {[%clk 1:17:12]}  Qd6 {[%clk 0:33:43]} 22. h3 {[%clk 1:08:50]}  c5 {[%clk 0:28:50]} 23. Bxe5 {[%clk 1:09:17]}  Qxe5 {[%clk 0:28:48]} 24. Qb3 {[%clk 1:08:06]}  f5 {[%clk 0:20:27]} 25. exf5 {[%clk 1:03:57]}  Qxf5 {[%clk 0:20:01]} 26. Rxd8 {[%clk 1:01:24]}  Rxd8 {[%clk 0:20:30]} 27. Rf2 {[%clk 0:52:03]}  Qb1+ {[%clk 0:14:44]} 28. Rf1 {[%clk 0:48:31]}  Qg6 {[%clk 0:12:23]} 29. Rf2 {[%clk 0:46:41]}  Qb1+ {[%clk 0:12:05]} 30. Rf1 {[%clk 0:47:57]}  Qg6 {[%clk 0:12:01]} 1/2-1/2

[Event "Masters Tournament (MTO)"]
[Site "Biel, CH"]
[Date "2025.07.24"]
[Round "10"]
[White "Pisan, Kai"]
[Black "Cervelli, Eduard"]
[Result "1-0"]
[Board "35"]
[WhiteFideId "39904881"]
[BlackFideId "1351800"]
[WhiteElo "1995"]
[BlackElo "2086"]
[WhiteTeam "USA"]
[BlackTeam "SUI"]
[WhiteClock "0:09:43"]
[BlackClock "0:22:01"]
[Variant "Standard"]

1. c4 {[%clk 1:40:56]}  Nf6 {[%clk 1:40:53]} 2. g3 {[%clk 1:41:20]}  g6 {[%clk 1:41:16]} 3. Bg2 {[%clk 1:41:46]}  Bg7 {[%clk 1:41:41]} 4. Nf3 {[%clk 1:42:08]}  O-O {[%clk 1:42:06]} 5. Nc3 {[%clk 1:42:26]}  c5 {[%clk 1:42:03]} 6. O-O {[%clk 1:42:45]}  d6 {[%clk 1:42:25]} 7. d4 {[%clk 1:43:08]}  Nc6 {[%clk 1:42:50]} 8. dxc5 {[%clk 1:42:56]}  dxc5 {[%clk 1:42:40]} 9. Be3 {[%clk 1:43:56]}  Be6 {[%clk 1:43:30]} 10. Qa4 {[%clk 1:44:17]}  Nd4 {[%clk 1:43:33]} 11. Rad1 {[%clk 1:33:09]}  Ng4 {[%clk 1:21:53]} 12. Bc1 {[%clk 1:20:45]}  Qe8 {[%clk 1:19:36]} 13. Nxd4 {[%clk 1:14:52]}  cxd4 {[%clk 1:19:48]} 14. Qxe8 {[%clk 1:14:15]}  Rfxe8 {[%clk 1:19:35]} 15. Nd5 {[%clk 1:09:33]}  Rac8 {[%clk 1:20:28]} 16. b3 {[%clk 1:06:29]}  b6 {[%clk 1:18:14]} 17. Nb4 {[%clk 0:58:20]}  Red8 {[%clk 1:10:07]} 18. Nc6 {[%clk 0:55:10]}  Rd7 {[%clk 1:14:20]} 19. h3 {[%clk 0:53:56]}  Ne5 {[%clk 1:14:35]} 20. Nxd4 {[%clk 0:51:16]}  Rxd4 {[%clk 1:10:55]} 21. Rxd4 {[%clk 0:50:05]}  Nf3+ {[%clk 1:11:22]} 22. Bxf3 {[%clk 0:49:41]}  Bxd4 {[%clk 1:11:44]} 23. Rd1 {[%clk 0:49:25]}  Be5 {[%clk 1:11:15]} 24. Kg2 {[%clk 0:46:25]}  a6 {[%clk 1:05:46]} 25. Bb7 {[%clk 0:37:42]}  Rc7 {[%clk 1:05:48]} 26. Bh6 {[%clk 0:40:12]}  Bd6 {[%clk 1:04:50]} 27. Bd5 {[%clk 0:33:19]}  Bxd5+ {[%clk 1:01:51]} 28. cxd5 {[%clk 0:30:14]}  Ba3 {[%clk 0:55:52]} 29. e4 {[%clk 0:28:23]}  f6 {[%clk 0:57:52]} 30. Bf4 {[%clk 0:24:43]}  Rc2 {[%clk 0:57:32]} 31. Rd2 {[%clk 0:23:35]}  Rc8 {[%clk 0:54:44]} 32. Re2 {[%clk 0:21:54]}  Kf7 {[%clk 0:57:31]} 33. Be3 {[%clk 0:18:55]}  b5 {[%clk 0:57:31]} 34. f4 {[%clk 0:18:36]}  e6 {[%clk 0:57:46]} 35. dxe6+ {[%clk 0:16:43]}  Kxe6 {[%clk 0:56:35]} 36. g4 {[%clk 0:16:06]}  Bc1 {[%clk 0:55:44]} 37. Bxc1 {[%clk 0:09:23]}  Rxc1 {[%clk 0:55:57]} 38. h4 {[%clk 0:08:41]}  a5 {[%clk 0:55:27]} 39. f5+ {[%clk 0:01:34]}  Ke5 {[%clk 0:55:40]} 40. fxg6 {[%clk 0:01:21]}  hxg6 {[%clk 0:56:00]} 41. h5 {[%clk 0:28:29]}  gxh5 {[%clk 1:22:10]} 42. gxh5 {[%clk 0:28:53]}  Kf4 {[%clk 1:14:46]} 43. h6 {[%clk 0:20:36]}  Rc7 {[%clk 1:15:01]} 44. Rf2+ {[%clk 0:16:16]}  Kg5 {[%clk 0:53:58]} 45. Kg3 {[%clk 0:11:30]}  Kxh6 {[%clk 0:38:54]} 46. Rxf6+ {[%clk 0:11:39]}  Kg7 {[%clk 0:39:16]} 47. Ra6 {[%clk 0:10:30]}  a4 {[%clk 0:25:07]} 48. bxa4 {[%clk 0:10:01]}  bxa4 {[%clk 0:25:19]} 49. Rxa4 {[%clk 0:10:24]}  Kf6 {[%clk 0:25:36]} 50. Kf4 {[%clk 0:10:36]}  Rb7 {[%clk 0:25:30]} 51. Ra6+ {[%clk 0:10:39]}  Ke7 {[%clk 0:25:50]} 52. a4 {[%clk 0:10:51]}  Rb1 {[%clk 0:24:32]} 53. a5 {[%clk 0:10:28]}  Rf1+ {[%clk 0:22:07]} 54. Ke5 {[%clk 0:10:51]}  Rh1 {[%clk 0:22:27]} 55. Ra7+ {[%clk 0:10:24]}  Ke8 {[%clk 0:22:04]} 56. Kd6 {[%clk 0:09:27]}  Rh6+ {[%clk 0:22:13]} 57. Kd5 {[%clk 0:09:20]}  Rh5+ {[%clk 0:22:19]} 58. e5 {[%clk 0:09:34]}  Rh1 {[%clk 0:22:44]} 59. Kd6 {[%clk 0:09:30]}  Rd1+ {[%clk 0:21:49]} 60. Ke6 {[%clk 0:09:45]}  Kf8 {[%clk 0:22:16]} 61. Ra8+ {[%clk 0:09:03]}  Kg7 {[%clk 0:22:38]} 62. Ke7 {[%clk 0:09:21]}  Rb1 {[%clk 0:22:57]} 63. a6 {[%clk 0:09:20]}  Ra1 {[%clk 0:22:25]} 64. a7 {[%clk 0:09:24]}  Ra2 {[%clk 0:22:41]} 65. e6 {[%clk 0:09:13]}  Ra1 {[%clk 0:22:53]} 66. Kd7 {[%clk 0:09:25]}  Rd1+ {[%clk 0:22:01]} 67. Kc6 {[%clk 0:09:43]} 1-0

[Event "Masters Tournament (MTO)"]
[Site "Biel, CH"]
[Date "2025.07.24"]
[Round "10"]
[White "Anetov, Amirzhan"]
[Black "Haugner, Jan"]
[Result "0-1"]
[Board "36"]
[WhiteFideId "13784951"]
[BlackFideId "24655244"]
[WhiteElo "1993"]
[BlackElo "2066"]
[WhiteTeam "KAZ"]
[BlackTeam "GER"]
[WhiteClock "0:04:43"]
[BlackClock "0:02:18"]
[Variant "Standard"]

1. e4 {[%clk 1:39:21]}  c5 {[%clk 1:40:52]} 2. Nf3 {[%clk 1:39:43]}  d6 {[%clk 1:41:19]} 3. d4 {[%clk 1:40:01]}  cxd4 {[%clk 1:41:45]} 4. Nxd4 {[%clk 1:40:22]}  Nf6 {[%clk 1:42:10]} 5. Nc3 {[%clk 1:40:41]}  g6 {[%clk 1:42:36]} 6. Be3 {[%clk 1:40:59]}  Nc6 {[%clk 1:43:01]} 7. f3 {[%clk 1:40:51]}  h5 {[%clk 1:43:26]} 8. Bc4 {[%clk 1:40:44]}  Bd7 {[%clk 1:42:56]} 9. Qd2 {[%clk 1:40:24]}  Bg7 {[%clk 1:43:17]} 10. O-O {[%clk 1:33:54]}  O-O {[%clk 1:42:04]} 11. Rad1 {[%clk 1:33:31]}  Na5 {[%clk 1:36:32]} 12. Be2 {[%clk 1:17:09]}  a6 {[%clk 1:30:36]} 13. Nd5 {[%clk 1:12:28]}  Nc6 {[%clk 0:58:31]} 14. Bc4 {[%clk 1:05:34]}  b5 {[%clk 0:52:32]} 15. Bb3 {[%clk 1:05:43]}  Nxd5 {[%clk 0:50:48]} 16. Bxd5 {[%clk 1:04:54]}  Rc8 {[%clk 0:51:07]} 17. Nxc6 {[%clk 0:54:16]}  Bxc6 {[%clk 0:51:27]} 18. Bb3 {[%clk 0:35:51]}  Bxb2 {[%clk 0:32:28]} 19. c3 {[%clk 0:45:51]}  Ba3 {[%clk 0:32:53]} 20. Bh6 {[%clk 0:46:17]}  Re8 {[%clk 0:32:02]} 21. f4 {[%clk 0:39:50]}  e6 {[%clk 0:23:25]} 22. f5 {[%clk 0:39:29]}  Bxe4 {[%clk 0:18:27]} 23. fxe6 {[%clk 0:37:15]}  fxe6 {[%clk 0:16:48]} 24. Bc2 {[%clk 0:26:55]}  Rc4 {[%clk 0:13:14]} 25. Bd3 {[%clk 0:22:35]}  d5 {[%clk 0:09:08]} 26. Bxc4 {[%clk 0:21:17]}  bxc4 {[%clk 0:09:36]} 27. Kh1 {[%clk 0:16:13]}  Bf8 {[%clk 0:07:35]} 28. Bg5 {[%clk 0:14:36]}  Qc7 {[%clk 0:06:22]} 29. Rde1 {[%clk 0:13:25]}  Bf5 {[%clk 0:05:41]} 30. h3 {[%clk 0:13:07]}  Bg7 {[%clk 0:04:56]} 31. Bh6 {[%clk 0:12:50]}  Bxh6 {[%clk 0:03:03]} 32. Qxh6 {[%clk 0:13:12]}  Qg7 {[%clk 0:03:20]} 33. Qd2 {[%clk 0:09:28]}  Rd8 {[%clk 0:02:49]} 34. Rf4 {[%clk 0:08:55]}  Qd7 {[%clk 0:01:55]} 35. Qd4 {[%clk 0:08:23]}  Qg7 {[%clk 0:01:01]} 36. Qb6 {[%clk 0:08:05]}  Rf8 {[%clk 0:00:50]} 37. Qe3 {[%clk 0:03:43]}  Rb8 {[%clk 0:00:47]} 38. Re2 {[%clk 0:02:31]}  Rb1+ {[%clk 0:01:06]} 39. Kh2 {[%clk 0:02:58]}  Qc7 {[%clk 0:00:43]} 40. Qg3 {[%clk 0:01:35]}  Qb6 {[%clk 0:00:40]} 41. Rd4 {[%clk 0:00:33]}  Rc1 {[%clk 0:22:00]} 42. Qe5 {[%clk 0:19:48]}  Qb1 {[%clk 0:06:36]} 43. Rxd5 {[%clk 0:06:05]}  exd5 {[%clk 0:02:24]} 44. Qxd5+ {[%clk 0:04:53]}  Kg7 {[%clk 0:02:18]} 45. Qe5+ {[%clk 0:04:50]}  Kh7 {[%clk 0:02:02]} 46. Qe7+ {[%clk 0:04:21]}  Kh6 {[%clk 0:02:00]} 47. h4 {[%clk 0:03:50]}  Rh1+ {[%clk 0:01:04]} 48. Kg3 {[%clk 0:04:15]}  Qb8+ {[%clk 0:01:23]} 49. Re5 {[%clk 0:02:54]}  Re1 {[%clk 0:01:12]} 50. Qg5+ {[%clk 0:03:20]}  Kg7 {[%clk 0:01:29]} 51. Qe7+ {[%clk 0:03:46]}  Kg8 {[%clk 0:01:50]} 52. Kf4 {[%clk 0:04:01]}  Re4+ {[%clk 0:01:45]} 53. Kg5 {[%clk 0:04:25]}  Qxe5 {[%clk 0:01:59]} 54. Qd8+ {[%clk 0:04:43]}  Qe8 {[%clk 0:02:18]} 0-1

[Event "Masters Tournament (MTO)"]
[Site "Biel, CH"]
[Date "2025.07.24"]
[Round "10"]
[White "Artan, Tamir"]
[Black "Guretchii, Kirill"]
[Result "1/2-1/2"]
[Board "37"]
[WhiteFideId "1346865"]
[BlackFideId "13911872"]
[WhiteElo "2054"]
[BlackElo "2029"]
[WhiteTeam "SUI"]
[BlackTeam "MDA"]
[WhiteClock "0:29:31"]
[BlackClock "0:27:53"]
[Variant "Standard"]

1. Nf3 {[%clk 1:39:04]}  d5 {[%clk 1:40:50]} 2. c4 {[%clk 1:39:19]}  e6 {[%clk 1:41:11]} 3. g3 {[%clk 1:39:27]}  d4 {[%clk 1:39:05]} 4. Bg2 {[%clk 1:37:30]}  c5 {[%clk 1:32:50]} 5. e3 {[%clk 1:30:31]}  Ne7 {[%clk 1:39:01]} 6. b4 {[%clk 1:28:44]}  dxe3 {[%clk 1:33:42]} 7. fxe3 {[%clk 1:24:45]}  cxb4 {[%clk 1:31:37]} 8. a3 {[%clk 1:15:51]}  Nec6 {[%clk 1:28:40]} 9. Bb2 {[%clk 1:17:04]}  bxa3 {[%clk 1:28:45]} 10. Nxa3 {[%clk 1:13:44]}  Nd7 {[%clk 1:25:05]} 11. O-O {[%clk 1:13:52]}  Nf6 {[%clk 1:26:27]} 12. Bxf6 {[%clk 1:12:06]}  gxf6 {[%clk 1:23:38]} 13. d4 {[%clk 1:09:29]}  Bg7 {[%clk 1:17:42]} 14. d5 {[%clk 1:07:26]}  Ne5 {[%clk 1:13:21]} 15. Nxe5 {[%clk 1:04:43]}  fxe5 {[%clk 1:03:55]} 16. dxe6 {[%clk 1:01:07]}  Bxe6 {[%clk 1:03:03]} 17. Qa4+ {[%clk 0:53:41]}  Qd7 {[%clk 0:58:47]} 18. Qxd7+ {[%clk 0:49:38]}  Kxd7 {[%clk 0:56:10]} 19. Bxb7 {[%clk 0:48:37]}  Rab8 {[%clk 0:55:46]} 20. Bd5 {[%clk 0:36:13]}  Bf8 {[%clk 0:49:51]} 21. Bxe6+ {[%clk 0:40:05]}  Kxe6 {[%clk 0:48:28]} 22. Nb5 {[%clk 0:36:47]}  Bc5 {[%clk 0:47:00]} 23. Nc7+ {[%clk 0:30:17]}  Ke7 {[%clk 0:48:32]} 24. Nd5+ {[%clk 0:28:15]}  Kf8 {[%clk 0:47:59]} 25. Ra5 {[%clk 0:38:07]}  Rc8 {[%clk 0:47:56]} 26. Rb5 {[%clk 0:35:44]}  Kg7 {[%clk 0:47:33]} 27. Rb7 {[%clk 0:36:27]}  Rhf8 {[%clk 0:46:12]} 28. Kg2 {[%clk 0:31:46]}  Rc6 {[%clk 0:44:56]} 29. Rf5 {[%clk 0:20:55]}  a5 {[%clk 0:32:39]} 30. Rg5+ {[%clk 0:19:04]}  Kh8 {[%clk 0:31:39]} 31. Rxe5 {[%clk 0:32:53]}  a4 {[%clk 0:28:47]} 32. Ne7 {[%clk 0:28:52]}  Bxe7 {[%clk 0:28:25]} 33. Rexe7 {[%clk 0:31:11]}  Kg7 {[%clk 0:28:49]} 34. Ra7 {[%clk 0:30:41]}  Rxc4 {[%clk 0:27:19]} 35. Kf3 {[%clk 0:26:01]}  Rc2 {[%clk 0:23:05]} 36. h4 {[%clk 0:23:32]}  Ra2 {[%clk 0:22:19]} 37. Re4 {[%clk 0:23:28]}  a3 {[%clk 0:22:06]} 38. Rg4+ {[%clk 0:22:44]}  Kh8 {[%clk 0:21:44]} 39. Rga4 {[%clk 0:22:28]}  Kg7 {[%clk 0:22:19]} 40. Rxa3 {[%clk 0:27:29]}  Rxa3 {[%clk 0:22:26]} 41. Rxa3 {[%clk 0:27:50]}  Kg6 {[%clk 0:22:30]} 42. g4 {[%clk 0:27:53]}  h6 {[%clk 0:20:18]} 43. e4 {[%clk 0:27:59]}  Rb8 {[%clk 0:20:25]} 44. Kf4 {[%clk 0:28:11]}  Rb1 {[%clk 0:20:46]} 45. Ra6+ {[%clk 0:27:18]}  Kg7 {[%clk 0:21:11]} 46. Ra3 {[%clk 0:26:49]}  Kg6 {[%clk 0:21:28]} 47. Rf3 {[%clk 0:26:57]}  Rb5 {[%clk 0:21:36]} 48. h5+ {[%clk 0:27:16]}  Kg7 {[%clk 0:22:01]} 49. Re3 {[%clk 0:26:54]}  Ra5 {[%clk 0:21:55]} 50. e5 {[%clk 0:27:15]}  Ra4+ {[%clk 0:22:16]} 51. Kf5 {[%clk 0:27:36]}  Ra1 {[%clk 0:21:02]} 52. Rf3 {[%clk 0:26:19]}  Ra5 {[%clk 0:20:41]} 53. Rg3 {[%clk 0:25:20]}  f6 {[%clk 0:23:02]} 54. Re3 {[%clk 0:25:44]}  Kf7 {[%clk 0:23:29]} 55. Kf4 {[%clk 0:25:40]}  Rxe5 {[%clk 0:22:32]} 56. Rxe5 {[%clk 0:25:41]}  fxe5+ {[%clk 0:23:35]} 57. Kf5 {[%clk 0:25:58]}  e4 {[%clk 0:24:00]} 58. Kxe4 {[%clk 0:26:19]}  Ke6 {[%clk 0:24:25]} 59. Kf4 {[%clk 0:26:42]}  Kf6 {[%clk 0:24:52]} 60. g5+ {[%clk 0:27:01]}  hxg5+ {[%clk 0:25:17]} 61. Kg4 {[%clk 0:27:27]}  Kg7 {[%clk 0:25:42]} 62. Kxg5 {[%clk 0:27:52]}  Kh7 {[%clk 0:26:08]} 63. h6 {[%clk 0:28:17]}  Kh8 {[%clk 0:26:34]} 64. Kg6 {[%clk 0:28:42]}  Kg8 {[%clk 0:27:00]} 65. h7+ {[%clk 0:29:07]}  Kh8 {[%clk 0:27:27]} 66. Kf5 {[%clk 0:29:31]}  Kxh7 {[%clk 0:27:53]} 1/2-1/2

[Event "Masters Tournament (MTO)"]
[Site "Biel, CH"]
[Date "2025.07.24"]
[Round "10"]
[White "Schultze, Joerg-Martin, Dr."]
[Black "Tureshbayev, Anuar"]
[Result "0-1"]
[Board "38"]
[WhiteFideId "12972070"]
[BlackFideId "651081709"]
[WhiteElo "1865"]
[BlackElo "2163"]
[WhiteTeam "GER"]
[BlackTeam "IRL"]
[WhiteClock "0:19:46"]
[BlackClock "0:56:47"]
[Variant "Standard"]

1. d4 {[%clk 1:40:53]}  Nf6 {[%clk 1:40:57]} 2. c4 {[%clk 1:41:15]}  e6 {[%clk 1:41:24]} 3. Nc3 {[%clk 1:41:32]}  Bb4 {[%clk 1:41:50]} 4. f3 {[%clk 1:41:32]}  c5 {[%clk 1:42:13]} 5. d5 {[%clk 1:41:46]}  d6 {[%clk 1:42:40]} 6. e4 {[%clk 1:41:43]}  b5 {[%clk 1:43:07]} 7. Bd2 {[%clk 1:39:54]}  Bxc3 {[%clk 1:43:28]} 8. bxc3 {[%clk 1:35:16]}  bxc4 {[%clk 1:35:48]} 9. Bxc4 {[%clk 1:35:22]}  exd5 {[%clk 1:31:26]} 10. exd5 {[%clk 1:31:11]}  O-O {[%clk 1:31:40]} 11. Ne2 {[%clk 1:30:25]}  Nbd7 {[%clk 1:29:53]} 12. Bg5 {[%clk 1:25:14]}  Nb6 {[%clk 1:25:59]} 13. Bb3 {[%clk 1:21:44]}  h6 {[%clk 1:22:31]} 14. Bh4 {[%clk 1:15:00]}  c4 {[%clk 1:20:38]} 15. Bc2 {[%clk 1:15:02]}  Re8 {[%clk 1:14:57]} 16. Bxf6 {[%clk 0:54:10]}  Qxf6 {[%clk 1:15:15]} 17. O-O {[%clk 0:54:25]}  Qg5 {[%clk 1:05:58]} 18. Kh1 {[%clk 0:40:05]}  Nxd5 {[%clk 0:58:40]} 19. f4 {[%clk 0:29:06]}  Qh5 {[%clk 0:57:09]} 20. Ng3 {[%clk 0:28:38]}  Qxd1 {[%clk 0:57:31]} 21. Rfxd1 {[%clk 0:28:46]}  Nxf4 {[%clk 0:56:46]} 22. Rxd6 {[%clk 0:22:25]}  Bb7 {[%clk 0:56:27]} 23. Rd2 {[%clk 0:22:17]}  Rad8 {[%clk 0:55:44]} 24. Rf2 {[%clk 0:20:21]}  Bxg2+ {[%clk 0:55:56]} 25. Rxg2 {[%clk 0:20:41]}  Nxg2 {[%clk 0:56:22]} 26. Ba4 {[%clk 0:19:46]}  Re1+ {[%clk 0:56:47]} 0-1

[Event "Masters Tournament (MTO)"]
[Site "Biel, CH"]
[Date "2025.07.24"]
[Round "10"]
[White "Monteverde, Jonathan"]
[Black "Hottinger, Simon"]
[Result "1-0"]
[Board "39"]
[WhiteFideId "1314580"]
[BlackFideId "1350552"]
[WhiteElo "2127"]
[BlackElo "1913"]
[WhiteTeam "SUI"]
[BlackTeam "SUI"]
[WhiteClock "0:40:21"]
[BlackClock "0:14:09"]
[Variant "Standard"]

1. d4 {[%clk 1:40:50]}  Nf6 {[%clk 1:40:45]} 2. c4 {[%clk 1:41:11]}  g6 {[%clk 1:41:09]} 3. Nc3 {[%clk 1:41:36]}  Bg7 {[%clk 1:41:32]} 4. e4 {[%clk 1:42:02]}  d6 {[%clk 1:41:58]} 5. Nf3 {[%clk 1:42:28]}  O-O {[%clk 1:42:21]} 6. h3 {[%clk 1:42:54]}  e5 {[%clk 1:42:38]} 7. d5 {[%clk 1:43:20]}  a5 {[%clk 1:43:02]} 8. g4 {[%clk 1:43:40]}  Na6 {[%clk 1:43:24]} 9. Be3 {[%clk 1:44:04]}  Nd7 {[%clk 1:43:48]} 10. a3 {[%clk 1:44:26]}  Nb6 {[%clk 1:39:55]} 11. Nd2 {[%clk 1:31:24]}  Bd7 {[%clk 1:40:15]} 12. h4 {[%clk 1:30:57]}  Nc5 {[%clk 1:25:15]} 13. b3 {[%clk 1:23:05]}  f5 {[%clk 1:15:18]} 14. gxf5 {[%clk 1:22:18]}  gxf5 {[%clk 1:14:24]} 15. h5 {[%clk 1:08:56]}  fxe4 {[%clk 1:01:04]} 16. h6 {[%clk 1:10:36]}  Bf6 {[%clk 1:01:26]} 17. Bxc5 {[%clk 1:10:49]}  dxc5 {[%clk 1:01:49]} 18. Ndxe4 {[%clk 1:09:35]}  Bh4 {[%clk 0:55:43]} 19. Qh5 {[%clk 1:03:55]}  Bf6 {[%clk 0:52:23]} 20. Bh3 {[%clk 1:02:35]}  Qe7 {[%clk 0:44:48]} 21. O-O-O {[%clk 0:55:11]}  Bxh3 {[%clk 0:36:30]} 22. Rxh3 {[%clk 0:53:07]}  Rad8 {[%clk 0:36:40]} 23. Rhd3 {[%clk 0:43:27]}  Rf7 {[%clk 0:14:48]} 24. d6 {[%clk 0:41:03]}  cxd6 {[%clk 0:13:28]} 25. Rxd6 {[%clk 0:40:40]}  Rxd6 {[%clk 0:13:56]} 26. Rxd6 {[%clk 0:40:47]}  Nd7 {[%clk 0:14:09]} 27. Nd5 {[%clk 0:40:21]} 1-0

[Event "Masters Tournament (MTO)"]
[Site "Biel, CH"]
[Date "2025.07.24"]
[Round "10"]
[White "Glasschroeder, Maximilian"]
[Black "Hoffmann, Achim Gunter"]
[Result "1-0"]
[Board "40"]
[WhiteFideId "34652590"]
[BlackFideId "3203840"]
[WhiteElo "1886"]
[BlackElo "2045"]
[WhiteTeam "GER"]
[BlackTeam "AUS"]
[WhiteClock "0:15:48"]
[BlackClock "0:28:42"]
[Variant "Standard"]

1. e4 {[%clk 1:40:57]}  c5 {[%clk 1:40:43]} 2. Nc3 {[%clk 1:41:08]}  Nc6 {[%clk 1:40:46]} 3. Bb5 {[%clk 1:41:27]}  e6 {[%clk 1:40:11]} 4. Bxc6 {[%clk 1:41:14]}  bxc6 {[%clk 1:40:37]} 5. d3 {[%clk 1:41:12]}  d5 {[%clk 1:40:22]} 6. Qe2 {[%clk 1:37:09]}  Ba6 {[%clk 1:38:36]} 7. f4 {[%clk 1:34:08]}  g6 {[%clk 1:34:27]} 8. Nf3 {[%clk 1:32:10]}  Bg7 {[%clk 1:30:26]} 9. f5 {[%clk 1:28:59]}  exf5 {[%clk 1:06:14]} 10. exd5+ {[%clk 1:23:09]}  Ne7 {[%clk 1:04:26]} 11. Bg5 {[%clk 1:11:17]}  f6 {[%clk 1:00:59]} 12. Be3 {[%clk 1:10:53]}  Qd6 {[%clk 1:00:48]} 13. Na4 {[%clk 1:02:51]}  cxd5 {[%clk 0:54:17]} 14. Bxc5 {[%clk 1:01:53]}  Qd7 {[%clk 0:54:16]} 15. O-O {[%clk 0:49:51]}  Kf7 {[%clk 0:53:52]} 16. Qxe7+ {[%clk 0:46:07]}  Qxe7 {[%clk 0:54:02]} 17. Bxe7 {[%clk 0:46:31]}  Kxe7 {[%clk 0:54:23]} 18. Nc5 {[%clk 0:46:23]}  Bb5 {[%clk 0:52:26]} 19. Nd4 {[%clk 0:44:53]}  Rab8 {[%clk 0:49:22]} 20. Rfe1+ {[%clk 0:40:48]}  Kd6 {[%clk 0:48:05]} 21. Re6+ {[%clk 0:39:34]}  Kc7 {[%clk 0:48:04]} 22. a4 {[%clk 0:30:43]}  Be8 {[%clk 0:39:12]} 23. Na6+ {[%clk 0:27:32]}  Kc8 {[%clk 0:39:22]} 24. Nxb8 {[%clk 0:27:50]}  Kxb8 {[%clk 0:39:36]} 25. Nc6+ {[%clk 0:25:37]}  Bxc6 {[%clk 0:33:14]} 26. Rxc6 {[%clk 0:25:58]}  Re8 {[%clk 0:32:24]} 27. Kf1 {[%clk 0:25:22]}  Bh6 {[%clk 0:32:02]} 28. Re1 {[%clk 0:24:37]}  Be3 {[%clk 0:32:23]} 29. Rxf6 {[%clk 0:21:34]}  f4 {[%clk 0:30:31]} 30. Rxf4 {[%clk 0:21:25]}  d4 {[%clk 0:30:37]} 31. Rf3 {[%clk 0:19:18]}  Rc8 {[%clk 0:29:14]} 32. c4 {[%clk 0:19:05]}  dxc3 {[%clk 0:27:38]} 33. Rfxe3 {[%clk 0:15:33]}  cxb2 {[%clk 0:28:42]} 34. R3e2 {[%clk 0:15:48]} 1-0